AFL Stars who played for Other Clubs - Statistics

General Stats
  • This quiz has been taken 124 times
  • The average score is 27 of 50
Answer Stats
Player Synonymous Club Also played with % Correct
Luke Hodge Hawthorn Brisbane
91%
Nathan Buckley Collingwood Brisbane
90%
Sam Mitchell Hawthorn West Coast
88%
Jordan Lewis Hawthorn Melbourne
87%
Josh J Kennedy West Coast Carlton
83%
Travis Cloke Collingwood Western Bulldogs
81%
Brendan Fevola Carlton Brisbane
73%
Brett Deledio Richmond GWS
69%
Adam Saad Carlton/Essendon Gold Coast
68%
Jack Crisp Collingwood Brisbane
66%
Steve Johnson Geelong GWS
66%
Gary Ablett Sr Geelong Hawthorn
66%
Jack Steven St Kilda Geelong
65%
Ben Cousins West Coast Richmond
65%
Drew Petrie North Melbourne West Coast
65%
Bryce Gibbs Carlton Adelaide
64%
Bachar Houli Richmond Essendon
64%
Adam Cooney Western Bulldogs Essendon
63%
Paul Chapman Geelong Essendon
63%
Josh Jenkins Adelaide Geelong
63%
Jack Steele St Kilda GWS
63%
Elliot Yeo West Coast Brisbane
62%
Josh P Kennedy Sydney Hawthorn
61%
Jack Gunston Hawthorn Adelaide
60%
Tony Modra Adelaide Fremantle
57%
Sam Docherty Carlton Brisbane
55%
Cameron Mooney Geelong North Melbourne
54%
Phil Davis GWS Adelaide
53%
Jarrad Waite Carlton North Melbourne
53%
Chad Cornes Port Adelaide GWS
50%
James Frawley Melbourne/Hawthorn St Kilda
50%
James Kelly Geelong Essendon
49%
Campbell Brown Hawthorn Gold Coast
48%
Nick Malceski Sydney Gold Coast
44%
Jamie Cripps West Coast St Kilda
44%
Jared Polec Port Adelaide/North Melbourne Brisbane
41%
Shane Woewodin Melbourne Collingwood
41%
Ryan Crowley Fremantle Essendon
40%
Daniel Bradshaw Brisbane Sydney
39%
Luke Power Brisbane GWS
37%
Brad Scott Brisbane Hawthorn
37%
Lindsay Thomas North Melbourne Port Adelaide
36%
Jay Schulz Port Adelaide Richmond
35%
Scott Camporeale Carlton Essendon
31%
Darren Jarman Adelaide Hawthorn
31%
Mal Michael Brisbane Essendon
30%
Jed Adcock Brisbane Western Bulldogs
28%
Mick Martyn North Melbourne Carlton
24%
Alex Jesaulenko Carlton St Kilda
23%
Nicky Winmar St Kilda Western Bulldogs
22%
No matching quizzes found
Score Distribution
Percent of People with Each Score
Percentile by Number Answered
Your Score History
You have not taken this quiz